01269nab a22002297a 4500999001500000003000400015005001700019008004100036040000700077100003700084245008800121260007300209300001400282500004500296505036900341505008900710650001900799650002600818650003500844773014700879942001301026 c5482d5482OSt20251204091134.0190604e xxu||||| |||| 00| 0 spa d cPJ 96465aMendaña, Silvia Mariana 13aLa hipoteca en garantía de créditos indeterminados /cSilvia Mariana Mendaña. aCiudad Autónoma de Buenos Aires :bThomson Reuters La Ley, c2025. ap. 93-126 aCita Online: TR LALEY AR/DOC/1120/2025.  aSumario: I. Introducción.— II. La tutela conservatoria del crédito y la función de la garantía.— III. El problema de la determinación de los créditos en el Código de Vélez.— IV. El Cód. Civ. y Com. con relación a nuestra problemática.— V. Síntesis y conclusiones.— VI. Ajustes y recomendaciones de lege ferenda. Reflexión final. t¿Te interesa el texto completo? Solicitalo al correo: koha@justierradelfuego.gov.ar 091819aHIPOTECA 091821aDERECHOS REALES 091497aCODIGO CIVIL Y COMERCIAL0 0271493171dCiudad Autónoma de Buenos Aires : Thomson Reuters La Ley, 2014-tRevista anales de legislación argentina. Nº 8 - Agosto 2025. 2udccANA